000 00461nam a2200157Ia 4500
008 230312s9999||||xx |||||||||||||| ||und||
020 _a81-7758-409-x
082 _a621.395
_bMAN -D
100 _aMano M. Morris
245 0 _aDigital Logic and Computer Design
260 _bPearson Education
_aNew Delhi
_c1979
300 _a612
546 _aEng.
650 _aEngineering
_vBinary Systems , Boolean algebra and Logic Gates , Combinational Logic
942 _cBK
999 _c1558
_d1558